Sports Quiz

Random Sports or NFL Quiz

NFL Career Yardage Leaders Over 30 Quiz Stats

 Plays Quiz Updated Jan 11, 2021

     
Support Sporcle.
Go Orange.
Score 0/60 Timer 09:00
12 Plays Today
Category Player % Correct
PassingPeyton Manning
93.9%
PassingTom Brady
93.6%
PassingEli Manning
91.7%
ReceivingJerry Rice
87.8%
PassingDrew Brees
84.8%
PassingBrett Favre
83.7%
RushingEmmitt Smith
83%
ReceivingJimmy Smith
82.5%
ReceivingRod Smith
82.5%
ReceivingSteve Smith
82.4%
PassingDan Marino
75.1%
PassingAaron Rodgers
72%
PassingPhilip Rivers
67.7%
RushingJohn Henry Johnson
66.8%
PassingMatt Ryan
66.2%
RushingAdrian Peterson
63.8%
ReceivingTim Brown
62.9%
PassingJohn Elway
62%
PassingSteve Young
61.6%
RushingSteve Young
61.6%
ReceivingLarry Fitzgerald
56.7%
RushingWalter Payton
56.7%
ReceivingTerrell Owens
53.7%
PassingWarren Moon
53.7%
RushingThomas Jones
49.2%
PassingKurt Warner
47.9%
PassingVinny Testaverde
47.5%
PassingBen Roethlisberger
45.2%
RushingFranco Harris
45.1%
RushingFrank Gore
44.4%
Category Player % Correct
RushingCurtis Martin
42.5%
PassingFran Tarkenton
42.4%
ReceivingTony Martin
42.3%
ReceivingTony Gonzalez
41.3%
PassingRyan Fitzpatrick
39.3%
ReceivingCris Carter
39.2%
ReceivingMarvin Harrison
39%
PassingCarson Palmer
36.3%
PassingTrent Green
34%
RushingMarcus Allen
32.8%
ReceivingReggie Wayne
32.4%
ReceivingIsaac Bruce
31.3%
RushingFred Taylor
31.3%
RushingJohn Riggins
31.3%
PassingMatt Hasselbeck
26.3%
RushingTony Dorsett
23.9%
RushingTiki Barber
23.5%
RushingCorey Dillon
22.4%
RushingWarrick Dunn
16.9%
ReceivingDonald Driver
14.2%
ReceivingDerrick Mason
11.3%
ReceivingIrving Fryar
10.7%
ReceivingDrew Hill
10.3%
ReceivingCharlie Joiner
8.5%
RushingGarrison Hearst
8.4%
ReceivingHenry Ellard
8.2%
RushingJames Brooks
7.8%
ReceivingDon Maynard
7.4%
RushingJoe Perry
5.2%
RushingMacArthur Lane
2.7%

From the Vault

Phonetics to Images: Corporate Logos

by Noldeh

You might end up seeing a bunch of letters you don't recognize.
Remove Ads.
Support Sporcle.
Get the best of Sporcle when you Go Orange. This ad-free experience offers more features, more stats, and more fun while also helping to support Sporcle. Thank you for becoming a member.

Show Comments

Extras

Top Quizzes Today


Score Distribution

Your Account Isn't Verified!

In order to create a playlist on Sporcle, you need to verify the email address you used during registration. Go to your Sporcle Settings to finish the process.

Report this User

Report this user for behavior that violates our Community Guidelines.

Details: